පුත්තා වත්ථු මනුස්සානං (Record no. 9990)
[ view plain ]
| 000 -LEADER | |
|---|---|
| fixed length control field | 00592nam a2200169Ia 4500 |
| 008 - FIXED-LENGTH DATA ELEMENTS--GENERAL INFORMATION | |
| fixed length control field | 180921t2018 xxu||||| |||| 00| 0 sin d |
| 041 ## - LANGUAGE CODE | |
| Language code of text/sound track or separate title | Sinhala; Sinhalese |
| 080 ## - UNIVERSAL DECIMAL CLASSIFICATION NUMBER | |
| Universal Decimal Classification number | X8සි32 |
| Item number | අමර |
| 942 ## - ADDED ENTRY ELEMENTS (KOHA) | |
| Koha item type | Books |
| 003 - CONTROL NUMBER IDENTIFIER | |
| control field | LK-CoDNM |
| 040 ## - CATALOGING SOURCE | |
| Original cataloging agency | LK-CoDNM |
| Modifying agency | LK-CoDNM |
| Description conventions | LK-CoDNM |
| 100 ## - MAIN ENTRY--PERSONAL NAME | |
| Personal name | අමරසිංහ, චන්ද්රකා |
| 245 ## - TITLE STATEMENT | |
| Title | පුත්තා වත්ථු මනුස්සානං |
| 246 ## - VARYING FORM OF TITLE | |
| Title proper/short title | Puththa watthu manussanan |
| 260 ## - PUBLICATION, DISTRIBUTION, ETC. (IMPRINT) | |
| Name of publisher, distributor, etc. | ගුරුගෙදර ග්රන්ථ කේන්ද්රය |
| Place of publication, distribution, etc. | හොරණ |
| Date of publication, distribution, etc. | 2018 |
| 300 ## - PHYSICAL DESCRIPTION | |
| Extent | පි.80, සෙ.මි.21 |
| Withdrawn status | Lost status | Damaged status | Not for loan | Collection code | Permanent Location | Current Location | Date acquired | Full call number | Barcode | Koha item type |
|---|---|---|---|---|---|---|---|---|---|---|
| Short Stories | Library National Museum Colombo - Sri Lanka | Library National Museum Colombo - Sri Lanka | 2021-03-23 | X8සි32 අමර | P43682 | Books |


